Normal view
MARC view
Entry Topical Term
001 - CONTROL NUMBER
- control field: 4766
003 - CONTROL NUMBER IDENTIFIER
- control field: ARRUPE
005 - DATE AND TIME OF LATEST TRANSACTION
- control field: 20131203142404.0
008 - FIXED-LENGTH DATA ELEMENTS
- fixed length control field: 131203|| aca||aabn | a|a d
040 ## - CATALOGING SOURCE
- Original cataloging agency: ARRUPE
- Transcribing agency: ARRUPE
150 ## - HEADING--TOPICAL TERM
- Topical term or geographic name as entry element: Attica Correctional Facility; Prison riots - New York (State) - Attica
670 ## - SOURCE DATA FOUND
- Source citation: Work cat.: (ARRUPE): Wicker, Tom 4765, A Time to die, 1975